| 000 | 00481pab a2200157 454500 | ||
|---|---|---|---|
| 008 | 180718b2014 xxu||||| |||| 00| 0 eng d | ||
| 100 | _aPandey, Arvind Kumar | ||
| 245 | _aInter-regional inequality in the level of urbanisation in Uttar Pradesh: Insights from census data | ||
| 260 | _c2014 | ||
| 300 | _ap.38-46. | ||
| 650 | _aUrbanization - India - Uttar Pradesh | ||
| 650 | _aUrbanization | ||
| 773 | _aIndian Journal of Regional Science | ||
| 908 | _aN | ||
| 909 | _a104709 | ||
| 999 |
_c104704 _d104704 |
||